000 01619cam a2200385 a 4500
999 _c531751
_d531751
001 15617692
003 NUST
005 20191025101216.0
008 090209s2009 inua 001 0 eng
010 _a 2009004123
015 _a014-83766
_2bnb
015 _aGBA-8D487
_2bnb
015 _aGBA8D4877
_2bnb
016 7 _a014837663
_2Uk
020 _a9780470402351 (pbk.)
020 _a0470402350
035 _a(OCoLC)ocn303897194
038 _aMSOHAIL
040 _aDLC
_cDLC
_dC#P
_dYDXCP
_dBWX
_dCDX
_dVP@
_dGBVCP
_dUKM
_dBTCTA
_dBAKER
_dUKWOH
_dBDX
_dDLC
050 0 0 _aTH437
_b.H287 2009
082 0 0 _a690.0285
_222
100 1 _aHardin, Brad,
_d1980-
_924757
245 1 0 _aBIM and construction management :
_bproven tools, methods, and workflows /
_cBrad Hardin.
260 _aIndianapolis, Ind. :
_bWiley Pub.,
_cc2009.
300 _axx, 340 p. :
_bill. ;
_c24 cm.
490 1 _aSerious skills
500 _aIncludes index.
505 0 _aBIM and construction management -- BIM and preconstruction -- BIM and construction -- BIM and updates -- BIM and construction administration -- BIM and sustainability -- BIM and facility management -- The future of BIM.
520 8 _aOffering practical advice and tested techniques, this text serves as a building information modeling (BIM) integration guide for the construction industry.
650 0 _aBuilding information modeling.
_924758
830 0 _aSerious skills.
_924759
906 _a7
_bcbc
_corignew
_d1
_eecip
_f20
_gy-gencatlg
942 _2ddc
_cBK